'IS' that a Country? Quiz Stats

Quiz not verified by Sporcle

Challenge
Share
Tweet
Embed
Score 0/11 Timer 03:00
0 Plays Today
% Correct
Israel
74.6%
Pakistan
67.1%
Turkmenistan
65.2%
Tajikistan
64%
Afghanistan
63.5%
Uzbekistan
63%
Tunisia
57.5%
Marshall Islands
50.8%
Saint Kitts and Nevis
48.6%
Solomon Islands
47.8%
Guinea-Bissau
33%

You're not logged in!

Compare scores with friends on all Sporcle quizzes.
Sign Up with Email
OR
Log In

You Might Also Like...

Show Comments

Extras

Top Quizzes Today


Score Distribution

Your Account Isn't Verified!

In order to create a playlist on Sporcle, you need to verify the email address you used during registration. Go to your Sporcle Settings to finish the process.